Normal view
MARC view
Entry Personal Name
001 - CONTROL NUMBER
- control field: 46573
003 - CONTROL NUMBER IDENTIFIER
- control field: OSt
005 - DATE AND TIME OF LATEST TRANSACTION
- control field: 20240712143112.0
008 - FIXED-LENGTH DATA ELEMENTS
- fixed length control field: 240712|| aca||aabn | a|a d
040 ## - CATALOGING SOURCE
- Original cataloging agency: OSt
- Transcribing agency: OSt
100 ## - HEADING--PERSONAL NAME
- Personal name: Kaplan, Robert D.
670 ## - SOURCE DATA FOUND
- Source citation: Work cat.: (OSt): Kaplan, Robert D., Asia's cauldron: the South China sea and the end of a stable pacific, 2014
